Statistics for 15 Countries Borders Sea Capital Language Currency 15 Second

Click here to take the quiz!

General Stats

  • This quiz has been taken 234 times
  • The average score is 9 of 15

Answers on the Map

Answers color-coded by a green-red scale on the quiz's map according to % correct below.
 

Answer Stats

Country% Correct
Albania
100%
Angola
100%
Belarus
100%
Bosnia and
Herzegovina
100%
Brazil
100%
Bulgaria
100%
Chile
100%
Côte d'Ivoire
100%
Croatia
100%
Cuba
100%
Dominican Republic
100%
D. R. Congo
100%
Finland
100%
Indonesia
100%
Latvia
100%
Libya
100%
Malaysia
100%
Mongolia
100%
Morocco
100%
Netherlands
100%
Nicaragua
100%
Norway
100%
Pakistan
100%
Papua New Guinea
100%
Poland
100%
Romania
100%
Serbia
100%
Tunisia
100%
Turkmenistan
100%
United Kingdom
100%
Uzbekistan
100%
Ecuador
50%
Somalia
50%
Yemen
50%
Afghanistan
0%
Algeria
0%
Andorra
0%
Antigua and Barbuda
0%
Argentina
0%
Armenia
0%
Australia
0%
Austria
0%
Azerbaijan
0%
Bahamas
0%
Bahrain
0%
Bangladesh
0%
Barbados
0%
Belgium
0%
Belize
0%
Benin
0%
Bhutan
0%
Bolivia
0%
Botswana
0%
Brunei
0%
Burkina Faso
0%
Burundi
0%
Cambodia
0%
Cameroon
0%
Canada
0%
Cape Verde
0%
Central African
Republic
0%
Chad
0%
China
0%
Colombia
0%
Comoros
0%
Costa Rica
0%
Cyprus
0%
Czech Republic
0%
Denmark
0%
Djibouti
0%
Dominica
0%
East Timor
0%
Egypt
0%
El Salvador
0%
Equatorial Guinea
0%
Eritrea
0%
Estonia
0%
Ethiopia
0%
Federated States of
Micronesia
0%
Fiji
0%
France
0%
Gabon
0%
Gambia
0%
Georgia
0%
Germany
0%
Ghana
0%
Greece
0%
Grenada
0%
Guatemala
0%
Guinea
0%
Guinea-Bissau
0%
Guyana
0%
Haiti
0%
Honduras
0%
Hungary
0%
Iceland
0%
India
0%
Iran
0%
Iraq
0%
Ireland
0%
Israel
0%
Italy
0%
Jamaica
0%
Japan
0%
Jordan
0%
Kazakhstan
0%
Kenya
0%
Kiribati
0%
Kosovo
0%
Kuwait
0%
Kyrgyzstan
0%
Laos
0%
Lebanon
0%
Lesotho
0%
Liberia
0%
Liechtenstein
0%
Lithuania
0%
Luxembourg
0%
Macedonia
0%
Madagascar
0%
Malawi
0%
Maldives
0%
Mali
0%
Malta
0%
Marshall Islands
0%
Mauritania
0%
Mauritius
0%
Mexico
0%
Moldova
0%
Monaco
0%
Montenegro
0%
Mozambique
0%
Myanmar
0%
Namibia
0%
Nauru
0%
Nepal
0%
New Zealand
0%
Niger
0%
Nigeria
0%
North Korea
0%
Oman
0%
Palau
0%
Panama
0%
Paraguay
0%
Peru
0%
Philippines
0%
Portugal
0%
Qatar
0%
Rep. of the Congo
0%
Russia
0%
Rwanda
0%
Saint Kitts and Nevis
0%
Saint Lucia
0%
Saint Vincent and the
Grenadines
0%
Samoa
0%
San Marino
0%
São Tomé and Príncipe
0%
Saudi Arabia
0%
Senegal
0%
Seychelles
0%
Sierra Leone
0%
Singapore
0%
Slovakia
0%
Slovenia
0%
Solomon Islands
0%
South Africa
0%
South Korea
0%
South Sudan
0%
Spain
0%
Sri Lanka
0%
Sudan
0%
Suriname
0%
Swaziland
0%
Sweden
0%
Switzerland
0%
Syria
0%
Taiwan
0%
Tajikistan
0%
Tanzania
0%
Thailand
0%
Togo
0%
Tonga
0%
Trinidad and Tobago
0%
Turkey
0%
Tuvalu
0%
Uganda
0%
Ukraine
0%
United Arab Emirates
0%
United States
0%
Uruguay
0%
Vanuatu
0%
Vatican City
0%
Venezuela
0%
Vietnam
0%
Zambia
0%
Zimbabwe
0%

Score Distribution

Percentile by Number Answered

Percent of People with Each Score

Your Score History

You have not taken this quiz